| 000 | 00716nam a2200217 a 4500 | ||
|---|---|---|---|
| 001 | 000014114 | ||
| 005 | 20240412074240.0 | ||
| 008 | 091204s1982 dr 001 p spa d | ||
| 040 |
_aDO-SdBNP _bspa _cBNPHU |
||
| 082 |
_aRD861.42 _bW373p |
||
| 100 | 1 |
_aWeber, Delia, _d1900-1982 _924257 |
|
| 245 | 1 | 0 |
_aPoemas a mi madre / _cDelia Weber ; editor Rodolfo Coiscou Weber. |
| 260 |
_aSanto Domngo : _bHéctor Blanco Weber, _c1982. |
||
| 300 |
_a[20 p.]. ; _c17 cm. |
||
| 490 | 1 |
_aAntología de nuestra voz ; _vno. 2 |
|
| 650 | 0 |
_aPoesía dominicana _966 |
|
| 650 | 0 |
_aLiteratura dominicana. _967 |
|
| 700 | 1 |
_aCoiscou Weber, Rodofo, _eed. _931940 |
|
| 830 | 0 |
_aAntología de nuestra voz ; _vno. 2 _923130 |
|
| 049 | _aBNPD | ||
| 999 |
_c13716 _d13716 |
||